[Event "DEM U10 2021"]
[Site "Willingen GER"]
[Date "2021.08.28"]
[Round "9"]
[White "Burban, Bogdan"]
[Black "Aweh, Mads"]
[Result "0-1"]
[Termination "normal"]
[Board "16"]
[WhiteElo "1062"]
[BlackElo "1452"]
[WhiteClock "00:21:03"]
[BlackClock "00:26:32"]
[PlyCount "104"]
[WhiteFideId "34609040"]
[BlackFideId "34604278"]
[EventCountry "GER"]
[EventRounds "11"]
[EventType "swiss"]
[EventDate "2021.08.22"]

1. d4 {[%clk 01:15:58]} {[%emt 00:00:01]} Nf6 {[%clk 01:15:18]} {[%emt
00:00:43]} 2. c4 {[%clk 01:16:21]} {[%emt 00:00:07]} e6 {[%clk 01:14:34]}
{[%emt 00:01:14]} 3. Nf3 {[%clk 01:16:11]} {[%emt 00:00:40]} b6 {[%clk
01:13:39]} {[%emt 00:01:25]} 4. g3 {[%clk 01:15:35]} {[%emt 00:01:05]} Bb7
{[%clk 01:13:12]} {[%emt 00:00:58]} 5. Bg2 {[%clk 01:14:50]} {[%emt 00:01:15]}
c5 {[%clk 01:07:50]} {[%emt 00:05:53]} 6. O-O {[%clk 01:07:30]} {[%emt
00:07:49]} cxd4 {[%clk 01:06:59]} {[%emt 00:01:21]} 7. Nxd4 {[%clk 01:06:53]}
{[%emt 00:01:07]} Bxg2 {[%clk 01:07:06]} {[%emt 00:00:22]} 8. Kxg2 {[%clk
01:07:14]} {[%emt 00:00:09]} Bc5 {[%clk 01:06:32]} {[%emt 00:01:06]} 9. Nf3
{[%clk 01:04:09]} {[%emt 00:03:34]} O-O {[%clk 01:05:31]} {[%emt 00:01:31]} 10.
Nc3 {[%clk 01:00:40]} {[%emt 00:03:59]} Nc6 {[%clk 01:02:25]} {[%emt 00:03:36]}
11. Bf4 {[%clk 00:58:40]} {[%emt 00:02:30]} Qe7 {[%clk 01:00:34]} {[%emt
00:02:21]} 12. a3 {[%clk 00:54:27]} {[%emt 00:04:43]} a5 {[%clk 00:56:48]}
{[%emt 00:04:16]} 13. Nb5 {[%clk 00:50:21]} {[%emt 00:04:37]} e5 {[%clk
00:51:57]} {[%emt 00:05:21]} 14. Bg5 {[%clk 00:48:11]} {[%emt 00:02:39]} d6
{[%clk 00:51:50]} {[%emt 00:00:38]} 15. Nd2 {[%clk 00:44:11]} {[%emt 00:04:29]}
h6 {[%clk 00:49:27]} {[%emt 00:02:53]} 16. Bxf6 {[%clk 00:44:17]} {[%emt
00:00:24]} Qxf6 {[%clk 00:49:43]} {[%emt 00:00:14]} 17. Nb1 {[%clk 00:43:01]}
{[%emt 00:01:46]} Nd4 {[%clk 00:47:49]} {[%emt 00:02:24]} 18. a4 {[%clk
00:40:44]} {[%emt 00:02:48]} Nxb5 {[%clk 00:47:09]} {[%emt 00:01:09]} 19. axb5
{[%clk 00:40:42]} {[%emt 00:00:32]} Qg6 {[%clk 00:44:03]} {[%emt 00:03:35]} 20.
Nc3 {[%clk 00:39:24]} {[%emt 00:01:49]} f5 {[%clk 00:43:12]} {[%emt 00:01:22]}
21. Qd3 {[%clk 00:34:44]} {[%emt 00:05:09]} Bd4 {[%clk 00:38:20]} {[%emt
00:05:22]} 22. e3 {[%clk 00:33:06]} {[%emt 00:02:07]} Bxc3 {[%clk 00:38:40]}
{[%emt 00:00:11]} 23. bxc3 {[%clk 00:33:03]} {[%emt 00:00:33]} Rac8 {[%clk
00:38:08]} {[%emt 00:01:03]} 24. Rfd1 {[%clk 00:30:44]} {[%emt 00:02:48]} Rfd8
{[%clk 00:38:01]} {[%emt 00:00:37]} 25. Ra4 {[%clk 00:28:11]} {[%emt 00:03:04]}
Qe6 {[%clk 00:36:01]} {[%emt 00:02:29]} 26. Rc1 {[%clk 00:27:05]} {[%emt
00:01:36]} Rc5 {[%clk 00:35:25]} {[%emt 00:01:07]} 27. e4 {[%clk 00:24:27]}
{[%emt 00:04:06]} f4 {[%clk 00:33:29]} {[%emt 00:02:27]} 28. Rd1 {[%clk
00:23:58]} {[%emt 00:00:58]} fxg3 {[%clk 00:32:55]} {[%emt 00:01:05]} 29. fxg3
{[%clk 00:23:20]} {[%emt 00:01:08]} Kf7 {[%clk 00:32:21]} {[%emt 00:01:03]} 30.
Kf2 {[%clk 00:22:44]} {[%emt 00:01:07]} Ke7 {[%clk 00:31:55]} {[%emt 00:00:57]}
31. Ke1 {[%clk 00:22:29]} {[%emt 00:00:43]} Rdc8 {[%clk 00:31:18]} {[%emt
00:01:08]} 32. Kd2 {[%clk 00:21:41]} {[%emt 00:01:18]} Rxc4 {[%clk 00:30:59]}
{[%emt 00:00:49]} 33. Rxc4 {[%clk 00:21:36]} {[%emt 00:00:35]} Qxc4 {[%clk
00:31:10]} {[%emt 00:00:19]} 34. Kc2 {[%clk 00:21:06]} {[%emt 00:01:00]} Qxd3+
{[%clk 00:30:56]} {[%emt 00:00:45]} 35. Rxd3 {[%clk 00:21:19]} {[%emt
00:00:16]} Rc4 {[%clk 00:29:29]} {[%emt 00:01:57]} 36. Re3 {[%clk 00:20:18]}
{[%emt 00:01:31]} Rc5 {[%clk 00:29:52]} {[%emt 00:00:07]} 37. Kb3 {[%clk
00:19:50]} {[%emt 00:00:59]} Rxb5+ {[%clk 00:30:10]} {[%emt 00:00:11]} 38. Ka4
{[%clk 00:19:56]} {[%emt 00:00:24]} Rb2 {[%clk 00:28:41]} {[%emt 00:01:59]} 39.
h4 {[%clk 00:20:10]} {[%emt 00:00:15]} h5 {[%clk 00:28:01]} {[%emt 00:01:11]}
40. Rf3 {[%clk 00:19:40]} {[%emt 00:01:00]} Rb1 {[%clk 00:26:41]} {[%emt
00:01:51]} 41. Rf2 {[%clk 00:19:37]} {[%emt 00:00:32]} Rc1 {[%clk 00:26:18]}
{[%emt 00:00:53]} 42. Rf3 {[%clk 00:19:52]} {[%emt 00:00:15]} Re1 {[%clk
00:26:01]} {[%emt 00:00:48]} 43. Kb5 {[%clk 00:20:01]} {[%emt 00:00:20]} Rxe4
{[%clk 00:26:19]} {[%emt 00:00:12]} 44. Kxb6 {[%clk 00:20:12]} {[%emt
00:00:16]} a4 {[%clk 00:26:30]} {[%emt 00:00:22]} 45. Rf2 {[%clk 00:20:21]}
{[%emt 00:00:21]} Re3 {[%clk 00:26:46]} {[%emt 00:00:13]} 46. Ra2 {[%clk
00:20:38]} {[%emt 00:00:14]} Rxg3 {[%clk 00:26:55]} {[%emt 00:00:21]} 47. Rxa4
{[%clk 00:20:52]} {[%emt 00:00:15]} Rxc3 {[%clk 00:26:56]} {[%emt 00:00:30]}
48. Ra1 {[%clk 00:20:16]} {[%emt 00:01:06]} Rh3 {[%clk 00:26:37]} {[%emt
00:00:50]} 49. Ra4 {[%clk 00:20:32]} {[%emt 00:00:13]} Rg3 {[%clk 00:25:54]}
{[%emt 00:01:12]} 50. Ra1 {[%clk 00:20:42]} {[%emt 00:00:21]} g5 {[%clk
00:26:15]} {[%emt 00:00:09]} 51. Rh1 {[%clk 00:20:52]} {[%emt 00:00:20]} g4
{[%clk 00:26:30]} {[%emt 00:00:16]} 52. Kc6 {[%clk 00:21:03]} {[%emt 00:00:18]}
Rh3 {[%clk 00:26:32]} {[%emt 00:00:28]} 0-1

[Event "DEM U10 2021"]
[Site "Willingen GER"]
[Date "2021.08.28"]
[Round "9"]
[White "Junge, Mattheo Gabriel"]
[Black "Heitmann, Erik"]
[Result "1-0"]
[Termination "normal"]
[Board "17"]
[WhiteElo "1451"]
[BlackElo "1262"]
[WhiteClock "00:30:48"]
[BlackClock "00:58:28"]
[PlyCount "41"]
[WhiteFideId "34605908"]
[BlackFideId "34608940"]
[EventCountry "GER"]
[EventRounds "11"]
[EventType "swiss"]
[EventDate "2021.08.22"]

1. e4 {[%clk 01:15:58]} {[%emt 00:00:01]} e5 {[%clk 01:15:53]} {[%emt
00:00:08]} 2. Nf3 {[%clk 01:16:20]} {[%emt 00:00:08]} d5 {[%clk 01:16:05]}
{[%emt 00:00:18]} 3. Nxe5 {[%clk 01:13:07]} {[%emt 00:03:40]} Bd6 {[%clk
01:16:29]} {[%emt 00:00:08]} 4. d4 {[%clk 01:09:37]} {[%emt 00:04:01]} dxe4
{[%clk 01:16:12]} {[%emt 00:00:47]} 5. Nc4 {[%clk 01:07:39]} {[%emt 00:02:28]}
Be6 {[%clk 01:15:53]} {[%emt 00:00:48]} 6. Nc3 {[%clk 01:05:45]} {[%emt
00:02:23]} Nf6 {[%clk 01:15:57]} {[%emt 00:00:27]} 7. Bg5 {[%clk 01:04:42]}
{[%emt 00:01:33]} Bb4 {[%clk 01:16:18]} {[%emt 00:00:09]} 8. a3 {[%clk
01:04:24]} {[%emt 00:00:48]} Bxc3+ {[%clk 01:16:21]} {[%emt 00:00:26]} 9. bxc3
{[%clk 01:04:46]} {[%emt 00:00:10]} O-O {[%clk 01:16:21]} {[%emt 00:00:29]} 10.
Be2 {[%clk 00:57:24]} {[%emt 00:07:51]} Nbd7 {[%clk 01:15:21]} {[%emt
00:01:31]} 11. O-O {[%clk 00:53:42]} {[%emt 00:04:11]} h6 {[%clk 01:15:05]}
{[%emt 00:00:46]} 12. Bh4 {[%clk 00:53:29]} {[%emt 00:00:44]} c6 {[%clk
01:13:40]} {[%emt 00:01:55]} 13. Nd6 {[%clk 00:49:31]} {[%emt 00:04:29]} Qc7
{[%clk 01:12:38]} {[%emt 00:01:32]} 14. Bg3 {[%clk 00:48:59]} {[%emt 00:01:02]}
Qa5 {[%clk 01:10:15]} {[%emt 00:02:44]} 15. c4 {[%clk 00:44:49]} {[%emt
00:04:48]} b6 {[%clk 01:07:15]} {[%emt 00:03:30]} 16. f3 {[%clk 00:38:46]}
{[%emt 00:06:33]} e3 {[%clk 01:04:52]} {[%emt 00:02:52]} 17. Be1 {[%clk
00:34:37]} {[%emt 00:04:39]} Qa4 {[%clk 01:03:48]} {[%emt 00:01:34]} 18. f4
{[%clk 00:30:26]} {[%emt 00:04:42]} Ne8 {[%clk 01:02:16]} {[%emt 00:02:02]} 19.
d5 {[%clk 00:30:21]} {[%emt 00:00:36]} cxd5 {[%clk 01:01:59]} {[%emt 00:00:46]}
20. cxd5 {[%clk 00:30:42]} {[%emt 00:00:09]} Nxd6 {[%clk 00:58:28]} {[%emt
00:04:01]} 21. dxe6 {[%clk 00:30:48]} {[%emt 00:00:24]} 1-0

[Event "DEM U10 2021"]
[Site "Willingen GER"]
[Date "2021.08.28"]
[Round "9"]
[White "Ley, Cornelius"]
[Black "Guo, Felix"]
[Result "0-1"]
[Termination "normal"]
[Board "18"]
[WhiteElo "1447"]
[BlackElo "1045"]
[WhiteClock "01:10:32"]
[BlackClock "01:14:01"]
[PlyCount "80"]
[WhiteFideId "34608907"]
[BlackFideId "16277104"]
[EventCountry "GER"]
[EventRounds "11"]
[EventType "swiss"]
[EventDate "2021.08.22"]

1. e4 {[%clk 01:15:57]} {[%emt 00:00:02]} c5 {[%clk 01:15:53]} {[%emt
00:00:07]} 2. Nf3 {[%clk 01:16:20]} {[%emt 00:00:08]} d6 {[%clk 01:16:15]}
{[%emt 00:00:08]} 3. d4 {[%clk 01:16:46]} {[%emt 00:00:04]} cxd4 {[%clk
01:16:36]} {[%emt 00:00:09]} 4. Nxd4 {[%clk 01:17:11]} {[%emt 00:00:05]} Nf6
{[%clk 01:16:55]} {[%emt 00:00:11]} 5. Nc3 {[%clk 01:17:36]} {[%emt 00:00:06]}
g6 {[%clk 01:17:04]} {[%emt 00:00:20]} 6. Be3 {[%clk 01:17:57]} {[%emt
00:00:10]} Bg7 {[%clk 01:17:18]} {[%emt 00:00:15]} 7. Qd2 {[%clk 01:18:16]}
{[%emt 00:00:11]} O-O {[%clk 01:17:07]} {[%emt 00:00:42]} 8. f3 {[%clk
01:18:40]} {[%emt 00:00:05]} Nc6 {[%clk 01:17:24]} {[%emt 00:00:13]} 9. O-O-O
{[%clk 01:18:55]} {[%emt 00:00:15]} d5 {[%clk 01:15:42]} {[%emt 00:02:12]} 10.
Kb1 {[%clk 01:14:59]} {[%emt 00:04:26]} e5 {[%clk 01:13:27]} {[%emt 00:02:45]}
11. Nxc6 {[%clk 01:14:23]} {[%emt 00:01:04]} bxc6 {[%clk 01:13:43]} {[%emt
00:00:16]} 12. exd5 {[%clk 01:13:36]} {[%emt 00:01:17]} cxd5 {[%clk 01:13:51]}
{[%emt 00:00:23]} 13. Nxd5 {[%clk 01:13:00]} {[%emt 00:01:05]} Nxd5 {[%clk
01:13:47]} {[%emt 00:00:34]} 14. Qxd5 {[%clk 01:13:23]} {[%emt 00:00:06]} Qxd5
{[%clk 01:13:44]} {[%emt 00:00:34]} 15. Rxd5 {[%clk 01:11:30]} {[%emt
00:02:23]} Be6 {[%clk 01:13:41]} {[%emt 00:00:33]} 16. Rd2 {[%clk 01:09:54]}
{[%emt 00:02:06]} Rfb8 {[%clk 01:12:55]} {[%emt 00:01:15]} 17. b3 {[%clk
01:09:18]} {[%emt 00:01:07]} a5 {[%clk 01:12:48]} {[%emt 00:00:37]} 18. a4
{[%clk 01:09:17]} {[%emt 00:00:31]} Bxb3 {[%clk 01:13:02]} {[%emt 00:00:17]}
19. Bb5 {[%clk 01:08:23]} {[%emt 00:01:23]} Bxa4 {[%clk 01:13:01]} {[%emt
00:00:32]} 20. c4 {[%clk 01:08:31]} {[%emt 00:00:21]} Bxb5 {[%clk 01:13:14]}
{[%emt 00:00:17]} 21. cxb5 {[%clk 01:08:56]} {[%emt 00:00:06]} Rxb5+ {[%clk
01:13:35]} {[%emt 00:00:08]} 22. Ka2 {[%clk 01:08:58]} {[%emt 00:00:28]} Rbb8
{[%clk 01:12:29]} {[%emt 00:01:36]} 23. Rhd1 {[%clk 01:09:10]} {[%emt
00:00:18]} Bf6 {[%clk 01:12:09]} {[%emt 00:00:50]} 24. f4 {[%clk 01:08:32]}
{[%emt 00:01:09]} Rd8 {[%clk 01:11:45]} {[%emt 00:00:52]} 25. Rxd8+ {[%clk
01:08:40]} {[%emt 00:00:23]} Rxd8 {[%clk 01:11:53]} {[%emt 00:00:23]} 26. Rxd8+
{[%clk 01:09:05]} {[%emt 00:00:04]} Bxd8 {[%clk 01:12:15]} {[%emt 00:00:08]}
27. fxe5 {[%clk 01:09:29]} {[%emt 00:00:05]} Kf8 {[%clk 01:12:04]} {[%emt
00:00:41]} 28. Bc5+ {[%clk 01:09:48]} {[%emt 00:00:11]} Ke8 {[%clk 01:12:03]}
{[%emt 00:00:31]} 29. Kb3 {[%clk 01:09:56]} {[%emt 00:00:22]} Kd7 {[%clk
01:12:15]} {[%emt 00:00:19]} 30. Kc4 {[%clk 01:09:41]} {[%emt 00:00:45]} Ke6
{[%clk 01:12:29]} {[%emt 00:00:16]} 31. Bd4 {[%clk 01:09:26]} {[%emt 00:00:45]}
Bc7 {[%clk 01:11:23]} {[%emt 00:01:36]} 32. Kb5 {[%clk 01:09:29]} {[%emt
00:00:27]} Bxe5 {[%clk 01:11:24]} {[%emt 00:00:29]} 33. Bxe5 {[%clk 01:09:54]}
{[%emt 00:00:05]} Kxe5 {[%clk 01:11:46]} {[%emt 00:00:08]} 34. Kxa5 {[%clk
01:10:19]} {[%emt 00:00:05]} Ke4 {[%clk 01:12:08]} {[%emt 00:00:08]} 35. Kb6
{[%clk 01:10:19]} {[%emt 00:00:31]} Ke3 {[%clk 01:12:23]} {[%emt 00:00:14]} 36.
Kc6 {[%clk 01:10:31]} {[%emt 00:00:18]} Kf2 {[%clk 01:12:47]} {[%emt 00:00:07]}
37. g3 {[%clk 01:10:03]} {[%emt 00:00:58]} Kg2 {[%clk 01:12:55]} {[%emt
00:00:21]} 38. g4 {[%clk 01:10:12]} {[%emt 00:00:21]} f5 {[%clk 01:13:17]}
{[%emt 00:00:09]} 39. gxf5 {[%clk 01:10:07]} {[%emt 00:00:34]} gxf5 {[%clk
01:13:40]} {[%emt 00:00:06]} 40. Kd5 {[%clk 01:10:32]} {[%emt 00:00:05]} f4
{[%clk 01:14:01]} {[%emt 00:00:09]} 0-1

[Event "DEM U10 2021"]
[Site "Willingen GER"]
[Date "2021.08.28"]
[Round "9"]
[White "Deiringer, Julius"]
[Black "Burban, Victor"]
[Result "1/2-1/2"]
[Termination "normal"]
[Board "19"]
[WhiteElo "1274"]
[BlackElo "1215"]
[WhiteClock "00:34:15"]
[BlackClock "00:30:25"]
[PlyCount "44"]
[WhiteFideId "16267010"]
[BlackFideId "34609032"]
[EventCountry "GER"]
[EventRounds "11"]
[EventType "swiss"]
[EventDate "2021.08.22"]

1. e4 {[%clk 01:15:56]} {[%emt 00:00:03]} e6 {[%clk 01:15:56]} {[%emt
00:00:05]} 2. d4 {[%clk 01:16:18]} {[%emt 00:00:08]} d5 {[%clk 01:16:16]}
{[%emt 00:00:10]} 3. Nc3 {[%clk 01:16:42]} {[%emt 00:00:06]} Nf6 {[%clk
01:16:25]} {[%emt 00:00:21]} 4. Bg5 {[%clk 01:17:01]} {[%emt 00:00:11]} Be7
{[%clk 01:16:37]} {[%emt 00:00:18]} 5. e5 {[%clk 01:17:13]} {[%emt 00:00:16]}
Nfd7 {[%clk 01:16:55]} {[%emt 00:00:13]} 6. Bxe7 {[%clk 01:17:29]} {[%emt
00:00:14]} Qxe7 {[%clk 01:17:09]} {[%emt 00:00:15]} 7. f4 {[%clk 01:17:41]}
{[%emt 00:00:19]} a6 {[%clk 01:17:02]} {[%emt 00:00:39]} 8. a4 {[%clk
01:14:18]} {[%emt 00:03:52]} c5 {[%clk 01:16:25]} {[%emt 00:01:06]} 9. Nf3
{[%clk 01:13:28]} {[%emt 00:01:20]} Nc6 {[%clk 01:15:24]} {[%emt 00:01:32]} 10.
Be2 {[%clk 01:11:53]} {[%emt 00:02:05]} b6 {[%clk 01:10:19]} {[%emt 00:05:35]}
11. Qd2 {[%clk 00:59:52]} {[%emt 00:12:30]} Bb7 {[%clk 01:04:54]} {[%emt
00:05:55]} 12. O-O {[%clk 00:59:19]} {[%emt 00:01:04]} cxd4 {[%clk 00:59:48]}
{[%emt 00:05:35]} 13. Nxd4 {[%clk 00:58:52]} {[%emt 00:00:57]} Nxd4 {[%clk
00:59:32]} {[%emt 00:00:46]} 14. Qxd4 {[%clk 00:59:14]} {[%emt 00:00:08]} Qc5
{[%clk 00:56:38]} {[%emt 00:03:23]} 15. Rad1 {[%clk 00:57:36]} {[%emt
00:02:09]} Qxd4+ {[%clk 00:54:00]} {[%emt 00:03:08]} 16. Rxd4 {[%clk 00:57:32]}
{[%emt 00:00:33]} Ke7 {[%clk 00:51:10]} {[%emt 00:03:20]} 17. Bg4 {[%clk
00:53:10]} {[%emt 00:04:53]} Rac8 {[%clk 00:47:57]} {[%emt 00:03:44]} 18. Rfd1
{[%clk 00:50:38]} {[%emt 00:03:01]} Rc7 {[%clk 00:43:26]} {[%emt 00:05:02]} 19.
Kf1 {[%clk 00:46:54]} {[%emt 00:04:13]} Rhc8 {[%clk 00:40:03]} {[%emt
00:03:53]} 20. Bf3 {[%clk 00:41:56]} {[%emt 00:05:29]} Nc5 {[%clk 00:34:35]}
{[%emt 00:05:58]} 21. Rb4 {[%clk 00:34:15]} {[%emt 00:14:30]} Nd7 {[%clk
00:30:23]} {[%emt 00:00:22]} 22. Rbd4 {[%emt 00:07:38]} Nc5 {[%clk 00:30:25]}
{[%emt 00:00:06]} 1/2-1/2

[Event "DEM U10 2021"]
[Site "Willingen GER"]
[Date "2021.08.28"]
[Round "9"]
[White "Seth, Aakrit"]
[Black "Böhler, Yannic"]
[Result "1-0"]
[Termination "normal"]
[Board "20"]
[WhiteElo "1330"]
[BlackElo "1150"]
[WhiteClock "00:38:17"]
[BlackClock "00:30:06"]
[PlyCount "55"]
[WhiteFideId "34604812"]
[BlackFideId "34609059"]
[EventCountry "GER"]
[EventRounds "11"]
[EventType "swiss"]
[EventDate "2021.08.22"]

1. d4 {[%clk 01:15:55]} {[%emt 00:00:04]} Nf6 {[%clk 01:15:55]} {[%emt
00:00:06]} 2. Bf4 {[%clk 01:16:17]} {[%emt 00:00:08]} e6 {[%clk 01:16:06]}
{[%emt 00:00:19]} 3. e3 {[%clk 01:16:35]} {[%emt 00:00:13]} b6 {[%clk
01:15:29]} {[%emt 00:01:07]} 4. Nf3 {[%clk 01:15:47]} {[%emt 00:01:17]} Bb7
{[%clk 01:14:55]} {[%emt 00:01:04]} 5. Nbd2 {[%clk 01:15:55]} {[%emt 00:00:23]}
Be7 {[%clk 01:13:18]} {[%emt 00:02:06]} 6. Bd3 {[%clk 01:16:05]} {[%emt
00:00:20]} O-O {[%clk 01:13:00]} {[%emt 00:00:48]} 7. O-O {[%clk 01:16:02]}
{[%emt 00:00:33]} c5 {[%clk 01:11:35]} {[%emt 00:01:55]} 8. c3 {[%clk
01:16:03]} {[%emt 00:00:29]} d6 {[%clk 01:09:25]} {[%emt 00:02:40]} 9. e4
{[%clk 01:11:34]} {[%emt 00:04:59]} Nbd7 {[%clk 01:07:55]} {[%emt 00:01:58]}
10. h3 {[%clk 01:11:11]} {[%emt 00:00:55]} Qc7 {[%clk 01:05:03]} {[%emt
00:03:18]} 11. Re1 {[%clk 01:09:39]} {[%emt 00:02:06]} e5 {[%clk 01:02:50]}
{[%emt 00:02:43]} 12. dxe5 {[%clk 01:07:31]} {[%emt 00:02:37]} dxe5 {[%clk
01:03:11]} {[%emt 00:00:10]} 13. Bh2 {[%clk 01:07:19]} {[%emt 00:00:40]} Rfd8
{[%clk 01:02:22]} {[%emt 00:01:21]} 14. Nc4 {[%clk 01:05:43]} {[%emt 00:02:06]}
Bd6 {[%clk 00:59:06]} {[%emt 00:03:46]} 15. Bc2 {[%clk 01:04:07]} {[%emt
00:02:06]} Ne8 {[%clk 00:56:54]} {[%emt 00:02:42]} 16. a4 {[%clk 00:58:38]}
{[%emt 00:06:00]} f6 {[%clk 00:51:12]} {[%emt 00:06:12]} 17. Ne3 {[%clk
00:58:06]} {[%emt 00:01:01]} a6 {[%clk 00:49:50]} {[%emt 00:01:53]} 18. Bb3+
{[%clk 00:57:49]} {[%emt 00:00:46]} Kh8 {[%clk 00:48:20]} {[%emt 00:01:58]} 19.
Bd5 {[%clk 00:57:10]} {[%emt 00:01:11]} b5 {[%clk 00:42:12]} {[%emt 00:06:39]}
20. a5 {[%clk 00:56:20]} {[%emt 00:01:19]} c4 {[%clk 00:40:01]} {[%emt
00:02:42]} 21. b3 {[%clk 00:54:43]} {[%emt 00:02:06]} cxb3 {[%clk 00:37:52]}
{[%emt 00:02:39]} 22. Qxb3 {[%clk 00:54:06]} {[%emt 00:01:06]} Nc5 {[%clk
00:37:58]} {[%emt 00:00:24]} 23. Qc2 {[%clk 00:53:54]} {[%emt 00:00:42]} Bf8
{[%clk 00:35:35]} {[%emt 00:02:54]} 24. Reb1 {[%clk 00:49:20]} {[%emt
00:05:04]} Nd6 {[%clk 00:34:08]} {[%emt 00:01:56]} 25. Nd2 {[%clk 00:47:43]}
{[%emt 00:02:06]} Na4 {[%clk 00:31:30]} {[%emt 00:03:10]} 26. Bxb7 {[%clk
00:38:04]} {[%emt 00:10:10]} Nxb7 {[%clk 00:31:18]} {[%emt 00:00:42]} 27. Nd5
{[%clk 00:38:15]} {[%emt 00:00:18]} Qxa5 {[%clk 00:30:06]} {[%emt 00:01:42]}
28. Nb3 {[%clk 00:38:17]} {[%emt 00:00:28]} 1-0

[Event "DEM U10 2021"]
[Site "Willingen GER"]
[Date "2021.08.28"]
[Round "9"]
[White "Gavrylyuk, Oleksandr"]
[Black "Fettig, Michel"]
[Result "1/2-1/2"]
[Termination "normal"]
[Board "21"]
[WhiteElo "1151"]
[BlackElo "1297"]
[WhiteClock "01:09:25"]
[BlackClock "01:08:06"]
[PlyCount "25"]
[WhiteFideId "34609083"]
[BlackFideId "34608982"]
[EventCountry "GER"]
[EventRounds "11"]
[EventType "swiss"]
[EventDate "2021.08.22"]

1. Nf3 {[%clk 01:15:57]} {[%emt 00:00:01]} d5 {[%clk 01:15:47]} {[%emt
00:00:14]} 2. g3 {[%clk 01:16:16]} {[%emt 00:00:10]} g6 {[%clk 01:16:11]}
{[%emt 00:00:07]} 3. Bg2 {[%clk 01:16:40]} {[%emt 00:00:06]} Bg7 {[%clk
01:16:34]} {[%emt 00:00:07]} 4. d3 {[%clk 01:17:02]} {[%emt 00:00:08]} e6
{[%clk 01:16:32]} {[%emt 00:00:32]} 5. O-O {[%emt 00:03:07]} Ne7 {[%clk
01:15:43]} {[%emt 00:01:17]} 6. Nbd2 {[%clk 01:15:24]} {[%emt 00:00:25]} O-O
{[%clk 01:15:54]} {[%emt 00:00:20]} 7. c3 {[%clk 01:15:39]} {[%emt 00:00:15]}
Bd7 {[%clk 01:14:25]} {[%emt 00:01:59]} 8. Qc2 {[%clk 01:15:34]} {[%emt
00:00:35]} c5 {[%clk 01:13:47]} {[%emt 00:01:09]} 9. e4 {[%clk 01:15:35]}
{[%emt 00:00:28]} Na6 {[%clk 01:13:30]} {[%emt 00:00:48]} 10. Ne1 {[%clk
01:13:27]} {[%emt 00:02:37]} Rc8 {[%clk 01:12:32]} {[%emt 00:01:28]} 11. f4
{[%clk 01:12:44]} {[%emt 00:01:13]} d4 {[%clk 01:12:34]} {[%emt 00:00:28]} 12.
Nc4 {[%clk 01:11:40]} {[%emt 00:01:34]} Bb5 {[%clk 01:08:06]} {[%emt 00:04:57]}
13. Na3 {[%clk 01:09:25]} {[%emt 00:02:46]} 1/2-1/2